<?xml version="1.0" encoding="UTF-8"?>
<collection xmlns="http://www.loc.gov/MARC21/slim">
 <record>
  <leader>03527nam a2200313 a 4500</leader>
  <controlfield tag="001">1/44587</controlfield>
  <controlfield tag="008">140619s2005    us            001 0 eng  </controlfield>
  <datafield tag="020" ind1=" " ind2=" ">
   <subfield code="a">0120121638 (electronic bk.)</subfield>
  </datafield>
  <datafield tag="020" ind1=" " ind2=" ">
   <subfield code="a">9780120121632 (electronic bk.)</subfield>
  </datafield>
  <datafield tag="020" ind1=" " ind2=" ">
   <subfield code="z">0080459145</subfield>
  </datafield>
  <datafield tag="035" ind1=" " ind2=" ">
   <subfield code="l">47541</subfield>
  </datafield>
  <datafield tag="040" ind1=" " ind2=" ">
   <subfield code="a">OPELS</subfield>
   <subfield code="b">eng</subfield>
   <subfield code="c">OPELS</subfield>
   <subfield code="d">OPELS</subfield>
   <subfield code="d">OCLCQ</subfield>
   <subfield code="d">E7B</subfield>
   <subfield code="d">UBY</subfield>
   <subfield code="d">OPELS</subfield>
   <subfield code="d">OCLCQ</subfield>
   <subfield code="d">OPELS</subfield>
   <subfield code="d">OCLCF</subfield>
   <subfield code="d">GR-PeUP</subfield>
  </datafield>
  <datafield tag="245" ind1="0" ind2="0">
   <subfield code="a">Parallel, distributed, and pervasive computing</subfield>
   <subfield code="h">[electronic resource] /</subfield>
   <subfield code="c">guest editor, Ali R. Hurson.</subfield>
  </datafield>
  <datafield tag="260" ind1=" " ind2=" ">
   <subfield code="a">Amsterdam ;</subfield>
   <subfield code="a">Boston :</subfield>
   <subfield code="b">Elsevier Academic Press,</subfield>
   <subfield code="c">c2005.</subfield>
  </datafield>
  <datafield tag="300" ind1=" " ind2=" ">
   <subfield code="a">1 online resource (xviii, 292 p.) :</subfield>
   <subfield code="b">ill.</subfield>
  </datafield>
  <datafield tag="490" ind1="1" ind2=" ">
   <subfield code="a">Advances in computers ;</subfield>
   <subfield code="v">v. 63, 2005</subfield>
  </datafield>
  <datafield tag="520" ind1=" " ind2=" ">
   <subfield code="a">The term computation gap has been defined as the difference between the computational power demanded by the application domain and the computational power of the underlying computer platform. Traditionally, closing the computation gap has been one of the major and fundamental tasks of computer architects. However, as technology advances and computers become more pervasive in the society, the domain of computer architecture has been extended. The scope of research in the computer architecture is no longer restricted to the computer hardware and organization issues. A wide spectrum of topics ranging from algorithm design to power management is becoming part of the computer architecture. Based on the aforementioned trend and to reflect recent research efforts, attempts were made to select a collection of articles that covers different aspects of contemporary computer architecture design. This volume of the Advances in Computers contains six chapters on different aspects of computer architecture. Key features: - Wide range of research topics. - Coverage of new topics such as power management, Network on Chip, Load balancing in distributed systems, and pervasive computing. - Simple writing style. Wide range of research topics. Coverage of new topics such as power management, Network on Chip, Load balancing in distributed systems, and pervasive computing. Simple writing style.</subfield>
  </datafield>
  <datafield tag="505" ind1="0" ind2=" ">
   <subfield code="a">Contributors. -- Preface. -- 1. Techniques to Improve Performance Beyond Pipelining: Superpipelining, Superscalar, and VLIW, (J.-L. Gaudiot, J.-Y. Kang, W.W. Ro). -- 2. Networks on Chip (NoC): Interconnects of next generation Systems on Chip, (T. Theocharides, G.M. Link, V. Narayanan, M.J. Irwin). -- 3. Characterizing Resource Allocation Heuristics for Heterogeneous Computing Systems, S. Ali, T.D. Braun, H.J. Seigel, A.A. Maciejewski, N. Beck, L. Boloni, M. Maheswaran, A.I. Reuther, J.P. Robertson, M.D. Theys, B. Yao) . -- 4. Power Analysis and Optimization Techniques for Energy Efficient Computer Systems, (W. Chedid, C. Yu, B. Lee) . -- 5. Flexible and Adaptive Services in Pervasive Computing, (B.Y. Sung, M. Kumar, B. Shirazi) . -- 6. Search and Retrieval of Compressed Text, A. Mukherjee, N. Zhang, T. Tao, R.V. Satya, W. Sun).</subfield>
  </datafield>
  <datafield tag="504" ind1=" " ind2=" ">
   <subfield code="a">Includes bibliographical references and index.</subfield>
  </datafield>
  <datafield tag="650" ind1=" " ind2="4">
   <subfield code="a">Computer architecture.</subfield>
  </datafield>
  <datafield tag="650" ind1=" " ind2="4">
   <subfield code="a">Microprocessors</subfield>
   <subfield code="x">Design and construction.</subfield>
  </datafield>
  <datafield tag="650" ind1=" " ind2="4">
   <subfield code="a">System design.</subfield>
  </datafield>
  <datafield tag="655" ind1=" " ind2="4">
   <subfield code="a">Electronic books.</subfield>
  </datafield>
  <datafield tag="700" ind1="1" ind2=" ">
   <subfield code="a">Hurson, A. R.</subfield>
  </datafield>
  <datafield tag="830" ind1=" " ind2="0">
   <subfield code="a">Advances in computers ;</subfield>
   <subfield code="v">v. 63, 2005.</subfield>
  </datafield>
  <datafield tag="852" ind1=" " ind2=" ">
   <subfield code="a">INST</subfield>
   <subfield code="b">UNIPILB</subfield>
   <subfield code="c">EBOOKS</subfield>
   <subfield code="e">20140619</subfield>
   <subfield code="p">00b47541</subfield>
   <subfield code="q">00b47541</subfield>
   <subfield code="t">ONLINE</subfield>
   <subfield code="y">0</subfield>
  </datafield>
  <datafield tag="856" ind1="4" ind2="0">
   <subfield code="3">ScienceDirect</subfield>
   <subfield code="u">http://www.sciencedirect.com/science/book/9780120121632</subfield>
  </datafield>
  <datafield tag="856" ind1="4" ind2=" ">
   <subfield code="d">/webopac/covers/03/47541_0120121638.jpg</subfield>
   <subfield code="z">(electronic bk.)</subfield>
  </datafield>
  <datafield tag="856" ind1="4" ind2=" ">
   <subfield code="d">/webopac/covers/03/47541_9780120121632.jpg</subfield>
   <subfield code="z">(electronic bk.)</subfield>
  </datafield>
 </record>
</collection>
